| 000 | 00769nam a2200229Ia 4500 | ||
|---|---|---|---|
| 003 | GCL | ||
| 008 | 140319s9999 xx 000 0 ara d | ||
| 040 |
_aGCL / _cGCL |
||
| 082 | 0 | 4 |
_a001.6424 _bك ب |
| 100 | 1 | _aكيلر , ارثر م. | |
| 245 | 1 | 0 |
_aالبرمجة بلغة الباسكال / _cكيلر , ارثر م. |
| 700 | 1 | _aاسامة ابراهيم الدسوقى | |
| 700 | 1 | _aسمير ابراهيم شاهين (مترجم) | |
| 260 |
_a[S.N] : _bالدار الدولية للنشر والتوزيع ، _c1989 |
||
| 300 | _a309 ص | ||
| 490 | _a | ||
| 650 | 0 | 4 | _aالحاسبات الالكترونية |
| 650 | 0 | 4 | _aالبرمجة |
| 650 | 0 | 4 | _aباسكال |
| 650 | 0 | 4 | _aالحاسبات الالكترونية - برامج |
| 942 |
_2ddc _cBK |
||
| 999 |
_c39231 _d39231 |
||